| 000 | 00706nac a22001811u 4500 | ||
|---|---|---|---|
| 008 | 080827s1992 ua||||||r||| 000 0 ara d | ||
| 020 | _a977533702x | ||
| 082 |
_a147 _bع د و _222 |
||
| 100 |
_aالعدوي ، محمد صادق _921656 |
||
| 245 |
_a/العلاج الروحي _bمحمد صادق العدوي |
||
| 260 |
_aالاسكندرية : _bدار صادق ،1992 _c1992. |
||
| 300 |
_a58 ص؛ _c24 سم |
||
| 500 | _aالعنوان على الغلاف: العلاج الروحى بين العلم والتطبيق | ||
| 504 | _aببليوجرافية: ص 57-58 | ||
| 511 | _aCatalogued by: Sara | ||
| 541 |
_aمكتبة الإسكندرية; _cاهداء; |
||
| 942 |
_cBB _k147ع د و _2ddc |
||
| 999 |
_c6650 _d6650 |
||